[Event "NOR-ch Class3"]
[Site "Oslo"]
[Date "2015.07.09"]
[Round "7"]
[White "Kirkesola, Gitle"]
[Black "Cerkezovic, Emir"]
[Result "0-1"]
[WhiteElo "1292"]
[BlackElo "1482"]
[PlyCount "60"]
[EventDate "2015.07.04"]
[EventType "swiss"]
[EventRounds "9"]
[EventCountry "NOR"]
[SourceTitle "EXT 2017"]
[Source "ChessBase"]
[SourceDate "2016.10.25"]
[SourceVersion "1"]
[SourceVersionDate "2016.10.25"]
[SourceQuality "1"]

1. e4 c5 2. Nf3 Nc6 3. d4 cxd4 4. Nxd4 g6 5. Nc3 Bg7 6. Be3 Nf6 7. Bc4 Qa5 8. Nxc6 bxc6 9. Qd3 0-0 10. 0-0 d6 11. f3 Nd7 12. Qd2 h5 13. a3 Ne5 14. Ba2 Ba6 15. Rfd1 Bc4 16. b4 Qc7 17. Bd4 Bxa2 18. Bxe5 Bxe5 19. Rxa2 a5 20. b5 Qb6+ 21. Kh1 Qc5 22. Ne2 Qxb5 23. c3 Rab8 24. f4 Bg7 25. Nd4 Qc4 26. Rc2 e5 27. fxe5 dxe5 28. Nf3 Qxe4 29. Ng5 Qf5 30. Qe2 Qxg5 0-1

[Event "Fagernes Norsk op-B"]
[Site "Fagernes"]
[Date "2014.04.13"]
[Round "6"]
[White "Cerkezovic, Emir"]
[Black "Fossan, Andreas"]
[Result "1/2-1/2"]
[WhiteElo "1407"]
[BlackElo "1699"]
[PlyCount "61"]
[EventDate "2014.04.13"]
[EventType "swiss"]
[EventRounds "9"]
[EventCountry "NOR"]
[SourceTitle "EXT 2016"]
[Source "ChessBase"]
[SourceDate "2015.10.08"]
[SourceVersion "1"]
[SourceVersionDate "2015.10.08"]
[SourceQuality "1"]

1. e4 e6 2. d4 d5 3. Nd2 Nf6 4. e5 Nfd7 5. Bd3 c5 6. c3 Nc6 7. Ngf3 cxd4 8. cxd4 f6 9. exf6 Nxf6 10. 0-0 Bd6 11. Nb3 0-0 12. Bg5 Qc7 13. Bh4 Bd7 14. Bg3 Rae8 15. Rc1 Bxg3 16. hxg3 Qd6 17. Bb5 Nb8 18. Qe2 Ne4 19. Ne5 a6 20. Bd3 Nf6 21. g4 Bc6 22. g5 Ne4 23. g6 h6 24. Nxc6 Nxc6 25. Bxe4 dxe4 26. Qxe4 Rf4 27. Qe3 Rh4 28. g3 Rg4 29. Qf3 Rxg6 30. Qe4 Rg5 31. Rc5 1/2-1/2

[Event "Fagernes Norsk op-B"]
[Site "Fagernes"]
[Date "2014.04.13"]
[Round "1"]
[White "Tangelder, Yonne"]
[Black "Cerkezovic, Emir"]
[Result "1/2-1/2"]
[WhiteElo "1829"]
[BlackElo "1407"]
[PlyCount "48"]
[EventDate "2014.04.13"]
[EventType "swiss"]
[EventRounds "9"]
[EventCountry "NOR"]
[SourceTitle "EXT 2016"]
[Source "ChessBase"]
[SourceDate "2015.10.08"]
[SourceVersion "1"]
[SourceVersionDate "2015.10.08"]
[SourceQuality "1"]

1. e4 c5 2. Nc3 Nc6 3. f4 e6 4. Nf3 d5 5. Bb5 dxe4 6. Bxc6+ bxc6 7. Nxe4 Nf6 8. Qe2 Nxe4 9. Qxe4 Qd5 10. d3 Qxe4+ 11. dxe4 f6 12. c4 Be7 13. b3 Kd8 14. Bb2 Kc7 15. 0-0-0 Rd8 16. Rxd8 Kxd8 17. h3 Bd7 18. g4 Ke8 19. Rd1 g6 20. g5 fxg5 21. fxg5 e5 22. h4 Bg4 23. Rd3 Bxf3 24. Rxf3 Bd6 1/2-1/2